000 00781nam a2200289Ia 4500
005 20260324150635.0
008 008 260324s9999 xx 000 0 eng d
020 _a9781003596257
037 _aEBOOK
040 _aCRL
040 _beng
040 _cCRL
041 _2eng
041 _aeng
084 _qCRL
100 _aGeraint Vaughan Jones
_91227106
245 0 _aChristology and Myth in the New Testament
245 3 _bAn Inquiry into the Character, Extent and Interpretation of the Mythological Element in New Testament Christology
260 _bTaylor and Francis
260 _c1956
365 _a
365 _b145
856 _uhttp://www.taylorfrancis.com/books/9781003596257
942 _cEBOOK
999 _c1836922
_d1836922